Sports Quiz

Random Sports Quiz

Participation à la C1 lors des dix dernières années Quiz Stats

 Plays Quiz not verified by Sporcle

Challenge
Share
Tweet
Embed
Score 0/90 Timer 15:00
0 Plays Today
Pays Club % Correct
ESPAGNEReal Madrid
98.7%
ESPAGNEBarcelone
97.4%
ALLEMAGNEBayern Munich
96.4%
ANGLETERREManchester United
96.1%
ITALIEJuventus
96%
ANGLETERREManchester City
95.8%
PORTUGALFC Porto
95.8%
ANGLETERREArsenal
95.6%
ANGLETERREChelsea
94.7%
FRANCELyon
94.7%
FRANCEPSG
94.7%
ESPAGNEAtletico Madrid
93.7%
FRANCEOlympique Marseille
93.7%
ITALIEMilan
93%
ALLEMAGNEBorussia Dortmund
92.3%
PORTUGALBenfica
91.4%
ITALIEInter
91.2%
ITALIEAS Roma
89.3%
PAYS-BASAjax
88.1%
FRANCEAS Monaco
87.3%
ECOSSECeltic
87.1%
ANGLETERRELiverpool
85.4%
SUISSEFC Bale
83.9%
PORTUGALSporting
81.9%
RUSSIECSKA Moscou
81.5%
UKRAINEDynamo Kiev
81.5%
FRANCEBordeaux
81.5%
GRECEOlympiakos
80.6%
FRANCELille
80.5%
TURQUIEGalatasaray
79.5%
Pays Club % Correct
ITALIENapoli
78.1%
ESPAGNEValence
77.9%
ANGLETERRETottenham
77.4%
BELGIQUEAnderlecht
76.6%
ECOSSEGlasgow Rangers
74.3%
ALLEMAGNEBayer Leverkusen
73.7%
PAYS-BASPSV
72.2%
RUSSIESpartak Moscou
70.5%
RUSSIEZenith
68.3%
TURQUIEBesiktas
64%
FRANCEMontpellier
63.2%
ANGLETERRELeicester
62.4%
CHYPREAPOEL
59%
ALLEMAGNESchalke 04
58.6%
CROATIEDinamo Zagreb
58.4%
ROUMANIESteaua Bucarest
57.6%
DANEMARKFC Copenhague
57.1%
ITALIEFiorentina
56.7%
TURQUIEFenerbahce
54.2%
ESPAGNEAthletic Bilbao
53%
PORTUGALSporting Braga
52.4%
ESPAGNESéville
50.7%
FRANCEAuxerre
49.6%
BELGIQUEBruges
49.5%
GRECEPanathinaikos
49.2%
ALLEMAGNEWolfsburg
48.3%
SUEDEMalmo
46.8%
UKRAINEShakhtar
41.8%
BELGIQUELa Gantoise
40.7%
ESPAGNEReal Sociedad
37.8%
Pays Club % Correct
BELGIQUEGenk
36.3%
ALLEMAGNEWerder Breme
36%
BIELORUSSIEBATE Borisov
35.5%
ESPAGNEMalaga
34.7%
SLOVENIENK Maribor
31.4%
ROUMANIECluj
29.2%
AZERBAIDJANQarabag
28.7%
BULGARIELudogorets
28.4%
POLOGNELegia Varsovie
27.7%
SUISSEFC Zurich
27.4%
ALLEMAGNEBorussia Monchengladbach
26.4%
ALLEMAGNEStuttgart
26%
ESPAGNEVillarreal
25.9%
KAZAKHSTANAstana
25.6%
AUTRICHEAustria Vienne
25%
PAYS-BASAZ
22.5%
ISRAELMaccabi Haifa
22.3%
ISRAELMaccabi Tel Aviv
21.1%
BELGIQUEStandard Liège
21%
RUSSIERubin Kazan
20.6%
PAYS-BASFC Twente
19.9%
TURQUIETrabzonspor
16.7%
ISRAELHapoel Tel Aviv
16%
TCHEQUIEViktoria Plzen
14.6%
TURQUIEBursaspor
11.8%
RUSSIERostov
11.1%
SLOVAQUIEZilina
9.2%
DANEMARKNordsjaelland
6%
ROUMANIEOtelul Galati
3.9%
ROUMANIEUnirea Urziceni
3.2%

You're not logged in!

Compare scores with friends on all Sporcle quizzes.
OR
Log In

You Might Also Like...

Show Comments

Extras

Created Aug 23, 2017ReportNominate
Tags:anne, club, des, deux, duel, nombre, pay, pole

Top Quizzes Today


Score Distribution

Your Account Isn't Verified!

In order to create a playlist on Sporcle, you need to verify the email address you used during registration. Go to your Sporcle Settings to finish the process.

Report this User

Report this user for behavior that violates our Community Guidelines.

Details: